000 00723nam a22002297a 4500
003 UA-OsUOA
001 22173
007 ta
008 20031217b un ||||| |||| 00| 0 ukr d
100 _aГапак Н.М.
090 _a330(477)
_bГ19
942 _cSA
040 _aUA-OsUOA
_bukr
_cUA-OsUOA
_dUA-OsUOA
245 _aЗаконодавчі чинники формування інвестиційної політики як складової бізнесового клімату
300 _aС.71-82
955 _a0
041 _aukr
080 _a330(477)
044 _aUA
773 0 _w0
_tРегіональна економіка
_dЛьвів
_d2003
_g№3
650 7 _aЕкономіка України
_2UDC
999 _c308388
_d308388